| 000 | 00556nam a2200217 a 4500 | ||
|---|---|---|---|
| 001 | 2408300 | ||
| 005 | 20180306072959.0 | ||
| 008 | 870921s1987 ilua 001 0 eng | ||
| 010 | _a 86083391 | ||
| 020 | _a0256033544 | ||
| 040 |
_aDLC _cDLC _dDLC |
||
| 041 | _aeng | ||
| 080 | _a658.15 BUT | ||
| 082 | 0 | 0 |
_a658.15 BUT _219 |
| 100 | _a56 | ||
| 101 | _aFIN | ||
| 245 | 0 | 0 |
_aCase problems in finance / _cedited by J. Keith Butters ... [et al.]. |
| 906 |
_a7 _bcbc _corignew _d2 _eopcn _f19 _gy-gencatlg |
||
| 942 |
_2ddc _cBK |
||
| 999 |
_c44181 _d44181 |
||